LEADER 01012nam a2200217 i 4500 001 000000010685 003 CaOOAMICUS 005 20220729163340.0 008 180830s1972 it u000 u ita u 040 $aSeMil$bita 100 1 $aMagnani, Giovanni .$0(OLS)http://semarc/name/89651 245 13$aIl fenomeno religioso /$cPontificia Università Gregoriana , Istituto di Scienze Religiose ; P. Prof. Giovanni Magnani , sj. 260 $aRoma :$b[s.n.],$c1972. 300 $av. ;$c25 cm. 500 $aIn mezzo al front : ad usum privatum. 710 2 $aPontificia Università Gregoriana .$0(OLS)http://semarc/name/5 774 0 $aMagnani, Giovanni $tInterpretazioni sociologiche e psicologiche.$gParte1$w()101765 774 0 $aMagnani, Giovanni $tInterpretazioni sociologiche e psicologiche.$w()141596 996 $6245$aIl fenomeno religioso$9(OLS)http://semarc/title/14118 996 $6260$aRoma :$b[s.n.]$9(OLS)http://semarc/publisher/29738 LEADER 01140nam a2200241 i 4500 001 000000061148 003 CaOOAMICUS 005 19980408000000.0 008 980408s1974 it u000 u ita u 013 $a32320 040 $aSeMil$bita 100 1 $aGaeta, Giancarlo,$d<1942- >.$0(OLS)http://semarc/name/8707 245 13$aIl dialogo con Nicodemo :$bper l'interpretazione del capitolo terzo dell'evangelo di Giovanni /$cGiancarlo Gaeta. 260 $aBrescia :$bPaideia,$ccopyr. 1974. 300 $a170 p. ;$c21 cm. 490 0 $aStudi biblici ;$v26 650 4$aBibbia. Nuovo Testamento. Vangelo secondo Giovanni - Commentari, studi, critica, interpretazioni.$0(OLS)http://semarc/subject/119 830 0$aStudi biblici ;$v26.$0(OLS)http://semarc/title/33 850 $aSeMil 852 $aSeMil$W1$xVenegono$y1$m2WA A 26$j236756$B27301$CSeMilBibl$Z2$F27304 $81 961 $aOmaggio: Oggioni don Costantino 996 $6245$aIl dialogo con Nicodemo :$bper l'interpretazione del capitolo terzo dell'evangelo di Giovanni$9(OLS)http://semarc/title/96016 996 $6260$aBrescia :$bPaideia$9(OLS)http://semarc/publisher/29614